header

Biometrics in identity management (Record no. 238385)

MARC details
000 -LEADER
fixed length control field 01411nam a2200349 a 4500
100 1# - MAIN ENTRY--AUTHOR NAME
Personal name Modi, Shimon K.
245 10 - TITLE STATEMENT
Title Biometrics in identity management
260 ## - PUBLICATION, DISTRIBUTION, ETC. (IMPRINT)
Place of publication Boston :
Name of publisher Artech House,
Year of publication 2011.
300 ## - PHYSICAL DESCRIPTION
Number of Pages xiv, 263 p. :
Other physical details ill.
490 1# - SERIES STATEMENT
Series statement Artech House information security and privacy series
650 #0 - SUBJECT ADDED ENTRY--TOPICAL TERM
Topical Term Biometric identification.
Topical Term Biometric identification
Topical Term Identification
856 40 - ELECTRONIC LOCATION AND ACCESS
Uniform Resource Identifier http://site.ebrary.com/lib/rucke/Doc?id=10522164

No items available.

© 2026 Rongo University
Contact us: librarian | system librarian | Rongo university